Music Quiz

Random Music Quiz

Madonna in 't dialect 4 Quiz Stats

 Plays Quiz not verified by Sporcle

Also try: A Fifth of Disney
Challenge
Share
Tweet
Embed
Score 0/20 Timer 10:00
0 Plays Today
% Correct
Love don't live here anymore
94.4%
Fever
94.4%
Easy ride
94.4%
Intervention
88.9%
Ray of light
88.9%
Erotica
88.9%
Beat goes on
88.9%
Bad girl
88.9%
Shanti/Ashtangi
88.9%
Cyber-Raga
88.9%
% Correct
Future lovers
83.3%
Spotlight
83.3%
One more chance
83.3%
Sanctuary
77.8%
Burning up
77.8%
No substitute for love
77.8%
Borderline
77.8%
Causing a commotion
72.2%
Act of contrition
72.2%
Lament
72.2%

You're not logged in!

Compare scores with friends on all Sporcle quizzes.
OR
Log In

You Might Also Like...

Show Comments

Extras

Created Jul 23, 2012ReportNominate
Tags:dialect, madonna

Top Quizzes Today


Score Distribution

Your Account Isn't Verified!

In order to create a playlist on Sporcle, you need to verify the email address you used during registration. Go to your Sporcle Settings to finish the process.

Report this User

Report this user for behavior that violates our Community Guidelines.

Details: